|
|
|
|
| LEADER |
05035nam a22004573i 4500 |
| 001 |
EBC30697456 |
| 003 |
MiAaPQ |
| 005 |
20231204023231.0 |
| 006 |
m o d | |
| 007 |
cr cnu|||||||| |
| 008 |
231204s2023 xx o ||||0 eng d |
| 020 |
|
|
|a 9783031390395
|q (electronic bk.)
|
| 020 |
|
|
|z 9783031390388
|
| 035 |
|
|
|a (MiAaPQ)EBC30697456
|
| 035 |
|
|
|a (Au-PeEL)EBL30697456
|
| 035 |
|
|
|a (OCoLC)1395111269
|
| 040 |
|
|
|a MiAaPQ
|b eng
|e rda
|e pn
|c MiAaPQ
|d MiAaPQ
|
| 050 |
|
4 |
|a JZ1252
|
| 082 |
0 |
|
|a 330.082
|
| 100 |
1 |
|
|a Samy, Yiagadeesen.
|
| 245 |
1 |
0 |
|a Trade and Women's Economic Empowerment :
|b Evidence from Small and Medium-Sized Enterprises.
|
| 250 |
|
|
|a 1st ed.
|
| 264 |
|
1 |
|a Cham :
|b Palgrave Macmillan,
|c 2023.
|
| 264 |
|
4 |
|c ©2023.
|
| 300 |
|
|
|a 1 online resource (171 pages)
|
| 336 |
|
|
|a text
|b txt
|2 rdacontent
|
| 337 |
|
|
|a computer
|b c
|2 rdamedia
|
| 338 |
|
|
|a online resource
|b cr
|2 rdacarrier
|
| 505 |
0 |
|
|a Intro -- Acknowledgements -- Contents -- About the Authors -- List of Figures -- List of Tables -- 1 Introduction -- 1.1 Context -- 1.1.1 Trade and Development -- 1.2 Trade and Gender: A Summary of Existing Evidence -- 1.2.1 Themes and Dynamics Related to Gender and Trade -- 1.2.2 Summary of Findings from Existing Research -- Employment Effects -- Earnings and Job Quality -- Household Dynamics -- 1.2.3 Research Gaps -- 1.3 Research Questions and Approach -- 1.3.1 The Way Forward -- Notes -- References -- 2 Trade and Women's Economic Empowerment: Survey Results for SMEs Across Six Developing Countries -- 2.1 Introduction -- 2.2 Context -- 2.3 Survey Results -- 2.3.1 Favourability to Women-Ownership, Employee Distribution, Wages and Benefits -- 2.3.2 Trade-Related Data -- 2.3.3 Exporting vs. Non-exporting SMEs -- 2.3.4 Technology Use and Covid-19 -- 2.3.5 Comparison with Secondary Data8 -- 2.4 Conclusions and Recommendations -- Appendix -- Survey Questionnaire -- Section 1-Background Information -- Section 2-Employee -- Section 3-Nature of Work, Wages and Benefits -- Section 4-Trade-Related Questions -- Notes -- References -- 3 Trade and Women's Economic Empowerment: Qualitative Analysis of SMEs from Cambodia and Vietnam -- 3.1 Introduction -- 3.2 Research Design -- 3.3 Context -- 3.3.1 Cambodia -- Export Performance -- Labor Force Participation -- Small and Medium Enterprises (SMEs) -- 3.3.2 Vietnam -- Export Performance -- Labor Force Participation -- Small and Medium-Sized Enterprises (SMEs) -- 3.3.3 Comparative Analysis -- 3.4 Key Findings from Qualitative Analysis -- 3.4.1 Modalities and Conditions for Trade Sectors to Create Jobs for Women -- Cambodia -- Vietnam -- 3.4.2 Broader Impacts of Trade Sectors on Women's Economic Empowerment -- 3.5 Conclusion -- 3.5.1 Cambodia -- 3.5.2 Vietnam -- Concluding Thoughts -- References.
|
| 505 |
8 |
|
|a 4 Trade and Women's Economic Empowerment: Qualitative Analysis of SMEs from Ghana, Madagascar, Nigeria, and Senegal -- 4.1 Introduction -- 4.2 Research Design -- 4.2.1 Participants' Recruitment Process and Demographics -- 4.3 Context2 -- 4.3.1 Ghana -- 4.3.2 Madagascar -- 4.3.3 Nigeria -- 4.3.4 Senegal -- 4.4 Women in Trade in Africa -- 4.4.1 Overall Female Employment -- 4.4.2 Sectoral Female Employment -- 4.4.3 Wage and Salaried Female Workers -- 4.5 Barriers to Women's Participation in Trade -- 4.5.1 Political Barriers -- 4.5.2 Economic Barriers -- 4.5.3 Social Barriers -- 4.5.4 Technological Barriers -- 4.5.5 Legal Barriers -- 4.5.6 Environmental Barriers -- 4.6 Key Findings from Qualitative Analysis -- 4.6.1 Modalities and Conditions for Trade Sectors to Create Jobs for Women -- Job Requirements -- Engagement in Export -- Work Conditions -- 4.6.2 Impact of Trade Sectors on Women's Economic Empowerment -- Access to and Control Over Productive Resources -- Access to Decent Work -- Control Over Their Own Time and Income -- Increased Voice and Meaningful Participation in Economic Decision-Making -- 4.6.3 Effective Strategies and Policies to Enhance the Impact of Trade Sectors -- 4.6.4 Recommended Government Policies -- Recommendation for TSOs -- 4.7 Conclusion -- Notes -- References -- 5 Conclusion -- 5.1 Key Findings -- 5.2 Policy Recommendations -- Notes -- References -- Index.
|
| 588 |
|
|
|a Description based on publisher supplied metadata and other sources.
|
| 590 |
|
|
|a Electronic reproduction. Ann Arbor, Michigan : ProQuest Ebook Central, 2023. Available via World Wide Web. Access may be limited to ProQuest Ebook Central affiliated libraries.
|
| 655 |
|
4 |
|a Electronic books.
|
| 700 |
1 |
|
|a Adedeji, Adeniran.
|
| 700 |
1 |
|
|a Iraoya, Augustine.
|
| 700 |
1 |
|
|a Dutta, Madhurjya Kumar.
|
| 700 |
1 |
|
|a Fakmawii, Jasmine Lal.
|
| 700 |
1 |
|
|a Hao, Wen.
|
| 776 |
0 |
8 |
|i Print version:
|a Samy, Yiagadeesen
|t Trade and Women's Economic Empowerment
|d Cham : Palgrave Macmillan,c2023
|z 9783031390388
|
| 797 |
2 |
|
|a ProQuest (Firm)
|
| 856 |
4 |
0 |
|u https://ebookcentral.proquest.com/lib/matrademy/detail.action?docID=30697456
|z Click to View
|